Historical Empires - Statistics

General Stats
  • This quiz has been taken 50 times
  • The average score is 12 of 15
Answer Stats
Picture Answer % Correct
Roman
100%
Mongol
93%
ottoman
91%
Russia
88%
British
86%
Spanish
86%
French
84%
Italian
81%
Japanese
81%
Inca
79%
Persian
72%
Mali
60%
Mexico
60%
Portugese
58%
Austro-Hungary
30%
No matching quizzes found
Score Distribution
Percent of People with Each Score
Percentile by Number Answered
Your Score History
You have not taken this quiz